00611nam a2200205Ia 4500003000400000005001700004008004100021020001800062040001700080041000800097082001900105100001700124245007500141250001200216260004600228300001300274650005700287650002700344650003400371OSt20260105085431.0210716s2015 xx 000 0 und d a9788126532032 c005.764 PRAR aeng a005.764 bPRAR aPrasad, R N. aFundamentals of business analytics /cBy R N Prasad and Seema Acharya. a1st ed. aNew Delhi :bWiley India Pvt Ltd ,c2015. axxii,326 aBusiness view of information technology applications aTypes of digital data  aIntroduction to OLTP and OLAP